Britney Spears Songs - Statistics

General Stats
  • This quiz has been taken 187 times
  • The average score is 9 of 13
Answer Stats
Year Peak Song Other Featured Artist(s) % Correct
1999 1 ...Baby One More Time
93%
2004 9 Toxic
89%
2000 9 Oops!...I Did It Again
88%
2008 1 Womanizer
79%
2008 3 Circus
76%
2013 3 Scream & Shout will.i.am
76%
2007 3 Gimme More
64%
1999 10 (You Drive Me) Crazy
62%
2011 1 S&M Rihanna
61%
2011 3 Till The World Ends Ke$ha & Nicki Minaj
59%
2009 1 3
58%
2011 7 I Wanna Go
52%
2011 1 Hold It Against Me
49%
No matching quizzes found
Score Distribution
Percent of People with Each Score
Percentile by Number Answered
Your Score History
You have not taken this quiz